• 首页
  • 本馆介绍
  • 公告通知
  • 最新文献
  • 馆藏检索
  • 电子资源
  • 读者导购
  • 参考咨询
  • 我的图书馆
  • 登录
  • 详细信息显示
  • 放入我的书架
  • 预约/预借图书
  • 作者相关作品
  • 分类相关作品
  • 丛书相关作品
  • 出版社相关作品

书目信息

  • 表格格式
  • 工作单格式
  • 卡片格式
题名:
发明的伦理
    
 
作者: 贾萨诺夫 著 ;尚智丛 , 田喜腾 , 田甲乐 译
分册:  
出版信息: 北京   中国人民大学出版社  2018
页数: 226页
开本: 24cm
丛书名:
单 册:
中图分类: B82-057
科图分类:
主题词: 技术伦理学--ji shu lun li xue--研究
电子资源:
ISBN: 978-7-300-25163-9
000 01545nam0 2200313 450
001 012001002097
005 20131027163806.0
010    @a978-7-300-25163-9@b精装@dCNY58.00
099    @aCAL 012018089219
100    @a20180713d2018 em y0chiy50 ea
101 1  @achi@ceng
102    @aCN@b110000
105    @ay z 001yy
106    @ar
200 1  @a发明的伦理@Afa ming de lun li@e技术与人类未来@f希拉·贾萨诺夫著@d= The ethics of invention@etechnology and the human future@g尚智丛, 田喜腾, 田甲乐译@zeng
210    @a北京@c中国人民大学出版社@d2018
215    @a226页@d24cm
320    @a有索引
330    @a本书作者通过一系列具体事例的讨论,阐述了技术的盲目发展所造成的灾难性后果,批判了关于技术发展的三种典型观点,即技术决定论、技术统治论和结果意外论。在反思技术发展的积极与消极后果的基础上,美、英、德等国家近期开展了一些实践活动,尝试实现技术的民主治理。作者通过对这些实践活动的分析,建议让公众参与到与他们日常生活相关的决策之中,并鼓励各种新形式的民主实验,如公共咨询、建设性技术评估和伦理审议等。她认为随着时间的推移,人们能够逐步澄清社会对技术规则的取舍。
500 10 @aEthics of invention : technology and the human future@mChinese
517 1  @a技术与人类未来@Aji shu yu ren lei wei lai
606 0  @a技术伦理学@Aji shu lun li xue@x研究
690    @aB82-057@v5
701  1 @a贾萨诺夫@Ajia sa nuo fu@g(Jasanoff, Sheila)@4著
702  0 @a尚智丛@Ashang zhi cong@4译
702  0 @a田喜腾@Atian xi teng@4译
702  0 @a田甲乐@Atian jia le@4译
801  0 @aCN@b江苏凤凰@c20191020
905    @b1228199-202@dB82-057@e1515@f4
    
    发明的伦理:技术与人类未来/希拉·贾萨诺夫著= The ethics of invention:technology and the human future/尚智丛, 田喜腾, 田甲乐译.-北京:中国人民大学出版社,2018
    226页;24cm
    
    
    ISBN 978-7-300-25163-9(精装):CNY58.00
    本书作者通过一系列具体事例的讨论,阐述了技术的盲目发展所造成的灾难性后果,批判了关于技术发展的三种典型观点,即技术决定论、技术统治论和结果意外论。在反思技术发展的积极与消极后果的基础上,美、英、德等国家近期开展了一些实践活动,尝试实现技术的民主治理。作者通过对这些实践活动的分析,建议让公众参与到与他们日常生活相关的决策之中,并鼓励各种新形式的民主实验,如公共咨询、建设性技术评估和伦理审议等。她认为随着时间的推移,人们能够逐步澄清社会对技术规则的取舍。
●
相关链接 在E读中查询图书 在五车中查询图书 在当当中查询图书 在豆瓣中查询图书


正题名:发明的伦理     索取号:B82-057/1515         预约/预借

序号 登录号 条形码 馆藏地/架位号 状态 备注
1 1228199   212281993   第一样本阅览室/ [索取号:B82-057/1515] 在馆    
2 1228200   212282000   教育系资料室/ [索取号:B82-057/1515] 在馆    
3 1228201   212282019   教育系资料室/ [索取号:B82-057/1515] 在馆    
4 1228202   212282028   第一借阅区/ [索取号:B82-057/1515] 在馆    
唐山师范学院图书馆 欢迎您!
大连网信软件有限公司© 版权所有